DETI AKO NÁSTROJ TELESNEJ A PSYCHICKEJ BRUTALITY. ÚLOHA ŠKOLY A ŠTÁTU V INFORMAČNEJ KAMPANI

Bibliographic Details
Main Author: Bočáková, Oľga, 1955- (Author)
Format: Article
Language:Slovak

MARC

LEADER 00000nab a2200000uu 4500
001 vtls011541331
003 SK-MaSNL
005 20260303114803.0
008 230127|2008 xo |||||||||||||||||slo|
015 |a SNBRB 
035 |a (urnnbn)urn:nbn:sk:snk:ar-a09tk8 
035 |a (uuid)965b2adc-2de8-4057-9278-bd3ecbb7d115 
035 |a urn:nbn:sk:snk-abezcw 
040 |a SNKBUCL  |b slo  |c SNKBUCL  |e AACR2 
041 0 |a slo 
044 |a xo  |c SK 
100 1 |a Bočáková, Oľga,  |d 1955-  |4 aut  |9 219414 
245 1 0 |a DETI AKO NÁSTROJ TELESNEJ A PSYCHICKEJ BRUTALITY. ÚLOHA ŠKOLY A ŠTÁTU V INFORMAČNEJ KAMPANI  |c Oľga Bočáková 
773 0 |t Acta humanica  |g Roč. 5, č. 2 (2008), s. 201-207 
954 |a odborná, vedecká literatúra pôvodná (slovenská)  |2 lita 
958 |a OND 
958 |a EUIPO 
958 |a article22 
999 |c 1900413  |d 1902343